თხზულებანი 2 ტომად. (ბიბ.ჩანაწერი № 48412)
[ მარტივი ფორმატი ]
| 000 -LEADER | |
|---|---|
| fixed length control field | 00568nam a2200169Ia 4500 |
| 001 - CONTROL NUMBER | |
| control field | 15304 |
| 003 - CONTROL NUMBER IDENTIFIER | |
| control field | GE_BSU |
| 008 - FIXED-LENGTH DATA ELEMENTS--GENERAL INFORMATION | |
| fixed length control field | 181216s||||||||xx |||||||||||||| ||und|| |
| 040 ## - CATALOGING SOURCE | |
| Transcribing agency | GE_BSU |
| 100 ## - MAIN ENTRY--PERSONAL NAME | |
| Personal name | ყაზბეგი, ალექსანდრე |
| 245 ## - TITLE STATEMENT | |
| Title | თხზულებანი 2 ტომად. |
| 245 ## - TITLE STATEMENT | |
| Remainder of title | მოთხრობები და რომანები. |
| 245 ## - TITLE STATEMENT | |
| Statement of responsibility, etc. | გ.ნატროშვილის წინასიტყვ. |
| 653 ## - INDEX TERM--UNCONTROLLED | |
| Uncontrolled term | მოთხრობები |
| 653 ## - INDEX TERM--UNCONTROLLED | |
| Uncontrolled term | რჩეული |
| 942 ## - ADDED ENTRY ELEMENTS (KOHA) | |
| Koha item type | წიგნი |
არაა ხელმისაწვდომი ეგზემპლარები.
